00494nam a2200145 4500001000700000003000900007005001700016007000300033008004100036100002100077245015600098260003300254300004100287852002000328123161ES-MaACL20230906192124.0t|070214s1912 fr r ||||0| fre d1 aPrunel, Louis N.10aSébastien Zamet b: évêque-duc de Langres, pair de France (1588-1655) : sa vie et ses oeuvres : les origines du Jansénisme / cLouis N. Prunel. aParis : bA. Picard, c1912. aXVI, 569 p., 1 lám ; c22 x 14 cm. aES-MaACLjB-122